| Registos Bibliográficos associados ao registo de autoridade |
|
Etiqueta de registo: 00230nam 2200025 450 001 1810107 003 http://id.bnportugal.gov.pt/bib/catbnp/1810107 010 ## $a978-972-32-2029-2 021 ## $aPT$b339423/12 100 ## $a20120418d2012 km y0pory0103 ba 101 0# $apor 102 ## $aPT 105 ## $ay v 000yy 106 ## $ar 200 1# $a O dever de protecção policial de direitos, liberdades e garantias$edo conceito material de polícia ao reconhecimento de direitos subjectivos públicos
à actuação da polícia$fJorge Silva Sampaio 205 ## $a1ª ed 210 #9 $aCoimbra$cCoimbra Editora,$d2012 215 ## $a244 p.$d24 cm 300 ## $aOrig.: Tese mestr. Ciências-Jurídico-Plíticas, Fac. de Direiro, Univ. de Lisboa, 2008 320 ## $aBibliografia, p. 227-240 675 ## $a342.72/.73(469+100)$vBN$zpor$31476058 675 ## $a351.74/.75(469+100)$vBN$zpor$31493453 700 #1 $aSampaio,$bJorge Silva$31490724 801 #0 $aPT$bBN$gRPC 900 ## $aBIBNAC$d20121026 966 ## $lBN$mFGMON$sS.C. 128885 V.$x1 966 ## $lBN$mFGMON$sS.C. 128885 V.-D$x1
Etiqueta de registo: 00000nam 2200025 450 001 1878471 003 http://id.bnportugal.gov.pt/bib/catbnp/1878471 021 ## $aPT$b375593/14 100 ## $a20140710d2014 k y0pory01030103ba 101 0# $apor 102 ## $aPT 105 ## $ay v 000yy 106 ## $ar 200 1# $a O acto administrativo pela estrada fora$e os efeitos transnacionais do acto administrativo$fJorge Silva Sampaio 210 #9 $aLisboa$cAssociação Académica da Faculdade de Direito de Lisboa,$d2014 215 ## $a202 p.$d23 cm 300 ## $aOrig.: Relatório apresentado no seminário de Direito Administrativo, do Curso de Mestrado
em Ciências Jurídico-Políticas da Univ. de Lisboa, 2008 320 ## $aBibliografia, p. 173-200 675 ## $a342.92(100)$vBN$zpor$31371450 700 #1 $aSampaio,$bJorge Silva$31490724 801 #0 $aPT$bBN$gRPC 856 41 $uhttp://rnod.bnportugal.gov.pt/ImagesBN/winlibimg.aspx?skey=&doc=1878471&img=46111&save=true 900 ## $aBIBNAC$d20141007 966 ## $lBN$mFGMON$sS.C. 138320 V.$x1 966 ## $lBN$mFGMON$sS.C. 138320 V.-D$x1
Etiqueta de registo: 00000nam 2200025 450 001 1875649 003 http://id.bnportugal.gov.pt/bib/catbnp/1875649 010 ## $a978-972-32-2254-8 021 ## $aPT$b383618/14 100 ## $a20140609d2014 k y0pory01030103ba 101 0# $apor 102 ## $aPT 105 ## $ay z 001yy 106 ## $ar 200 1# $a O controlo jurisdicional das políticas públicas de direitos sociais$fJorge da Silva Sampaio
205 ## $a1ª ed 210 #9 $aCoimbra$cCoimbra Editora,$d2014 215 ## $a734, [1] p.$d23 cm 320 ## $aBibliografia, p. 661-713 675 ## $a342.41$vBN$zpor$31291578 675 ## $a342.7$vBN$zpor$3290247 675 ## $a351.9$vBN$zpor$3290274 700 #1 $aSampaio,$bJorge Silva$31490724 801 #0 $aPT$bBN$gRPC 856 41 $uhttp://rnod.bnportugal.gov.pt/ImagesBN/winlibimg.aspx?skey=&doc=1875649&img=55913&save=true 900 ## $aBIBNAC$d20150302 966 ## $lBN$mFGMON$sS.C. 139803 V.$x1
Etiqueta de registo: 00000nam 2200025 450 001 2126814 003 http://id.bnportugal.gov.pt/bib/catbnp/2126814 010 ## $a978-989-40-0964-1$bv. 1) 010 ## $a978-989-40-0996-2$bv. 2) 021 ## $aPT$b510022/23 100 ## $a20230321d2023 k y0pory01030103ba 101 0# $apor 102 ## $aPT 105 ## $ay v 001yy 106 ## $ar 200 1# $aPonderação e proporcionalidade$e uma teoria analítica do raciocínio constitucional$fJorge Silva Sampaio
210 #9 $aCoimbra$cAlmedina,$d2023 215 ## $a2 v.$d24 cm 225 2# $aTeses 675 ## $a342.4$vBN$zpor$3290254 675 ## $a342.52$vBN$zpor$3593179 675 ## $a340.1$vBN$zpor$3362755 700 #1 $aSampaio,$bJorge Silva$31490724 801 #0 $aPT$bBN$gRPC 856 41 $uhttp://rnod.bnportugal.gov.pt/ImagesBN/winlibimg.aspx?skey=&doc=2126814&img=176854&save=true 900 ## $aBIBNAC$d20230428 966 ## $dV. 1$lBN$mFGMON$sS.C. 161149 V.$x1 966 ## $dV. 1$lBN$mFGMON$sS.C. 161149 V.-D$x1 966 ## $dV. 2$lBN$mFGMON$sS.C. 161546 V.$x1 966 ## $dV. 2$lBN$mFGMON$sS.C. 161546 V.-D$x1 971 ## $cmsebas$d20230321 972 ## $e0$z0$d20230428$viquintas 973 ## $cmcarvalho$d20230330
Etiqueta de registo: 00254nam 2200025 450 001 2279976 003 http://id.bnportugal.gov.pt/bib/catbnp/2279976 010 ## $a978-989-9252-97-4 021 ## $aPT$b554046/25 100 ## $a20260313d2025 k y0pory01030103ba 101 0# $apor 102 ## $aPT 105 ## $ay z 000yy 106 ## $ar 200 1# $aIntrodução ao Direito$eexercícios e materiais$fMiguel Nogueira de Brito, Jorge Silva Sampaio, Sara Azevedo 210 #9 $aLisboa$cAssociação Académica da Faculdade de Direito de Lisboa,$d2025 215 ## $a141 p.$d23 cm 675 ## $a340.1(469)(075.8)$vBN$zpor$3437821 700 #1 $aBrito,$bMiguel Nogueira de,$f1965-$3557711 701 #1 $aSampaio,$bJorge Silva$4070$31490724 701 #1 $93$aAzevedo,$bSara$4070$31991179 801 #0 $aPT$bBN$gRPC 856 41 $uhttp://rnod.bnportugal.gov.pt/ImagesBN/winlibimg.aspx?skey=&doc=2279976&img=220673&save=true 900 ## $aBIBNAC$d20260402 966 ## $lBN$mFGMON$sS.C. 168808 V.$x1 966 ## $lBN$mFGMON$sS.C. 168808 V.-D$x1 971 ## $corlando$d20260313 972 ## $e0$z0$d20260402$vlrevez 973 ## $cmlsousa$d20260324 975 ## $e0$d20260407$viquintas
|
|
|